000 01103nam a2200277 a 4500
001 000021212
005 20241015140952.0
008 100902s2005 dr c 000 0 spa d
020 _a994502003X
040 _aDO-SdBNP
_bspa
_cBNPHU
082 _a923.57293
_bG633m
245 0 0 _aMáximo Gómez :
_ba cien años de su fallecimiento /
_ceditor Emilio Cordero Michel ; prefacio Roberto Cassá.
260 _aSanto Domingo :
_bArchivo General de la Nación,
_c2005.
300 _a462 p. :
_bretrs. ;
_c23 cm.
490 1 _aArchivo General de la Nación
_v19
504 _aIncluye referencias bibliográficas y notas al pie de las páginas.
600 1 0 _aGómez, Máximo,
_d1836-1905
_912249
651 4 _aCuba
_xHistoria
_yGUERRA DE LOS DIEZ AÑOS, 1868-1878
_911018
651 4 _aCuba
_xHistoria
_yGUERRA DE INDEPENDENCIA, 1895-1898
_911019
650 0 _aEnsayos dominicanos
_965
650 0 _aLiteratura dominicana.
_967
700 1 _aCordero Michel, Emilio,
_d1929-2018
_eed.
_944029
700 1 _aCassá, Roberto,
_d1948-
_epref.
_910888
910 _aValidado. Control de calidad BNPHU
049 _aBNPD
999 _c20713
_d20713